Lei geral de proteção de dados : (Record no. 659)

MARC details
000 -LÍDER
Campo Fixo de Controle 01016nam a2200265 a 4500
001 - NÚMERO DE CONTROLE
Campo de Controle 659
003 - IDENTIFICAÇÃO DO NÚMERO DE CONTROLE
Campo de Controle BR-CuiBMT
005 - DATA E HORA DA ÚLTIMA ATUALIZAÇÃO
Campo de Controle 20231113211200.0
008 - DADOS FIXOS
Dados Fixos 231101s2020 mgba 000 0 por d
020 ## - INTERNATIONAL STANDARD BOOK NUMBER
Nº do ISBN 9786555180435
040 ## - AGÊNCIA CATALOGADORA
Código da Agência Catalogadora BR-CuiBMT
Agência que transcreveu o registro BR-CuiBMT
080 ## - Nº DA CLASSIFICAÇÃO DECIMAL UNIVERSAL
Nº Class. CDU 34:004.738.5
Nº edição CDU 2007
090 ## - NÚMERO DE CHAMADA
Nº classificação 34:004.738.5
Cutter L525
245 10 - TÍTULO PRINCIPAL
Título principal Lei geral de proteção de dados :
Subtítulo estudos sobre um novo cenário de governança corporativa /
Indicação de responsabilidade Rodrigo Pironti, coordenador ; prefácio Marcelo M. Bertoldi ; [autores, Ana Maria Silveira Sasso Gomes ... et al.].
260 ## - PUBLICAÇÃO, DISTRIBUIÇÃO, ETC.
Local de publicação Belo Horizonte:
Editora Fórum,
Data c2020.
300 ## - DESCRIÇÃO FÍSICA
N. páginas ou volumes 254 p. ;
Ilustrações il. :
Dimensões 22 cm
504 ## - NOTA DE BIBLIOGRAFIA, ETC.
Nota de bibliografia Inclui bibliografia.
590 ## - NOTA LOCAL
Campo de ligação e número de sequência A biblioteca possui a 1. reimpr. de 2021.
650 ## - ASSUNTO TÓPICO
Cabeçalho tópico ou nome geográfico Proteção de dados
Subdivisão geográfica Brasil
650 ## - ASSUNTO TÓPICO
Cabeçalho tópico ou nome geográfico Direito privado
Subdivisão de forma Legislação
Subdivisão geográfica Brasil
650 ## - ASSUNTO TÓPICO
Cabeçalho tópico ou nome geográfico Direito público
Subdivisão geográfica Brasil
700 1# - ENTRADA SECUNDÁRIA -- NOME PESSOAL
Nome pessoal Castro, Rodrigo Pironti Aguirre de,
Datas associadas ao nome 1981-
Cód. do termo explicativo Org.
700 1# - ENTRADA SECUNDÁRIA -- NOME PESSOAL
Nome pessoal Gomes, Ana Maria Silveira Sasso,
Cód. do termo explicativo et al.
-- autores
942 ## - ELEMENTOS DE ENTRADA ADICIONAIS (KOHA)
Fonte de classificação ou esquema de arquivamento Classificação Decimal Universal
Tipo de item do Koha Livros
Holdings
Estado: removido Estado: perdido Fonte de classificação ou esquema de arquivamento Estado: danificado Indisponível para empréstimo Localização permanente Localização atual Data de aquisição Total Checkouts Número de Chamada completo Código de barras Date last seen Número do exemplar Preço efetivo a partir de Tipo de item (Koha) Nota pública
    Classificação Decimal Universal     Biblioteca da Escola Superior de Contas do TCE/MT Biblioteca da Escola Superior de Contas do TCE/MT 12/11/2023   34:004.738.5 L525 BIBTCEMT23110482 13/11/2023 Ex. 1 13/11/2023 Livros 1. reimpr. 2021
    Classificação Decimal Universal     Biblioteca da Escola Superior de Contas do TCE/MT Biblioteca da Escola Superior de Contas do TCE/MT 13/11/2023   34:004.738.5 L525 BIBTCEMT23110537 13/11/2023 Ex. 2 13/11/2023 Livros 1. reimpr. 2021
    Classificação Decimal Universal     Biblioteca da Escola Superior de Contas do TCE/MT Biblioteca da Escola Superior de Contas do TCE/MT 13/11/2023   34:004.738.5 L525 BIBTCEMT23110538 13/11/2023 Ex. 3 13/11/2023 Livros 1. reimpr. 2021

Powered by Koha